Представление документа в формате RUSMARC

ПолеНазваниеЗначение
  Тип записи a
  Библиографический уровень m
001 Контрольный номер RU/ГПНТБ России/KNIGADB/88.52/К 56-479154107
005 Дата корректировки 20260203114922.3
010 Индекс ISBN __
a ISBN 978-5-9614-6842-7
b Уточнения в пер.
b Уточнения рус.
010 Индекс ISBN __
a ISBN 978-145589344-7
b Уточнения англ.
d Цена 335-00
100 Данные общей обработки __
a Данные общей обработки 20210311d2020####maey0rusy028902 ca
101 Язык документа 1_
a Язык текста rus
102 Страна публикации __
a Страна публикации RU
105 Кодированные данные (монография) __
a Кодированные данные (монография) y z 000yy
181 Поле кодированных данных: вид содержания _0
a Код вида содержания (ISBD) i
182 Поле кодированных данных: тип средства _0
a Код типа средства (ISBD) n
200 Заглавие и сведения об ответственности 1_
a Заглавие Четыре правила успешного лидера
e Сведения, относящиеся к заглавию [эти правила стоят того, чтобы применять их в жизни, они пойдут на пользу вашей карьере, семье и компании] : перевод с английского
f Первые сведения об ответственности Стивен Кови
g Последующие сведения об ответственности редактор П. Суворова
203 Вид содержания и тип средства __
a Вид содержания Текст
c Тип средства непосредственный
205 Сведения об издании __
a Основные сведения об издании 5-е издание
210 Выходные данные 1_
a Место издания Москва
c Издательство Альпина Паблишер
d Дата издания 2020
215 Физическое описание __
a Объем 136, [1] с.
d Формат 22 см
225 Серия 2_
a Серия Знания, которые меняют жизнь
330 Аннотация __
a Аннотация Каждая организация и каждый лидер стремятся к успеху. Но почему же тогда достичь его удается лишь немногим? Все дело в том, что зачастую лидеры исповедуют старомодные, отживите свое подходы к лидерству. Между тем по-настоящему успешные лидеры не только иначе смотрят на мир, они и действуют иначе. Стивен Кови дает простые в применении, конкретные стратегии, которые помогут вам изменить ваше поведение в качестве лидера. Используя эти инструменты, вы заметите, как улучшится мотивация ваших подчиненных и повысится продуктивность вашей работы. Предлагаемый здесь материал призван направить вас по новому пути, дать вам новый образ мышлении, новый набор умений и новый инструментарий - все необходимое, для того, чтобы стать по-настоящему успешным лидером и помочь вашей команде достичь приоритетных целей.
454 Оригинал _0
1 2001
a The 4 imperatives jf great leaders
f Stephen R. Covey
1 700 1
a Covey
g Stephen R.
b S. R.
512 Заглавие обложки 1_
a Заглавие обложки 4 правила успешного лидера
606 Тематические рубрики __
a Основная рубрика Психология
2 Код системы nlr_sh
606 Тематические рубрики __
a Основная рубрика Социальная психология
2 Код системы nlr_sh
610 Ключевые слова 0_
a Ключевые слова лидерство
610 Ключевые слова 0_
a Ключевые слова лидерство в управлении
610 Ключевые слова 0_
a Ключевые слова лидеры
610 Ключевые слова 0_
a Ключевые слова руководство
610 Ключевые слова 0_
a Ключевые слова психология лидерства
610 Ключевые слова 0_
a Ключевые слова стили руководства
610 Ключевые слова 0_
a Ключевые слова эффективное управление
686 Индексы других классификаций __
2 Код системы rubbks
a Классификационный индекс 88.566.1
700 Автор _1
a Фамилия Кови
b Имя С. Р.
g Полное личное имя Стивен Р.
f Даты 1932-2012
4 Код отношения 070
702 Вторичная интеллектуальная ответственность _1
a Фамилия Суворова
b Имя П.
4 Код отношения 340
801 Источник записи _0
b Организация ГПНТБ России
a Страна RU
c Дата составления 20210311
g Правила каталогизации PSBO
801 Источник записи _1
b Организация ГПНТБ России
a Страна RU
c Дата составления 20210311
g Правила каталогизации PSBO
852 Данные о местонахождении 5_
j Шифр хранения 88.566.1
i Авторский знак К 56
900 Макрообъекты __
a Макрообъекты Четыре правила успешного лидера, 2020
901 Тип документа __
a Ответственный КиК/Котельникова
t Тип документа m
903 Характеристики (МАРС) __
a Дата передачи 20210810
c Наименование библиотеки (МАРС) Муниципальное бюджетное учреждение культуры "Централизованная библиотечная система" г. Сургут (Центральная городская библиотека им. А. С. Пушкина)
990 Данные о заказе (DOS) __
j Количество экземпляров (DOS) 2
t N записи в КСУ для И/У (DOS) 202108